Opravy chýb minulých účtovných období v účtovníctve a v zákone o dani z príjmov

Náklady a výnosy sa účtujú v zásade vždy do účtovného obdobia, s ktorým vecne a časovo súvisia. V praxi sa však stáva, že dôjde k chybe. Ak sa zistí, že v predchádzajúcich účtovných obdobiach neboli niektoré náklady alebo výnosy zaúčtované, prípadne boli zaúčtované v nesprávnej výške, musí sa zaúčto...

Descrizione completa

Salvato in:
Dettagli Bibliografici
Autore principale: Vanková, Lucia
Natura: Capitolo di libro
Lingua:slovacco
Soggetti:
Tags: Aggiungi Tag
Nessun Tag, puoi essere il primo ad aggiungerne!!

MARC

LEADER 00000naa a2200000 4500
001 0237522
005 20221104110838.1
041 0 |a slo 
044 |a SK 
245 1 0 |a Opravy chýb minulých účtovných období v účtovníctve a v zákone o dani z príjmov  |c Lucia Vanková 
520 |a Náklady a výnosy sa účtujú v zásade vždy do účtovného obdobia, s ktorým vecne a časovo súvisia. V praxi sa však stáva, že dôjde k chybe. Ak sa zistí, že v predchádzajúcich účtovných obdobiach neboli niektoré náklady alebo výnosy zaúčtované, prípadne boli zaúčtované v nesprávnej výške, musí sa zaúčtovať oprava ihneď po zistení chyby. Ilustračné príklady. 
610 2 0 |a náklady 
610 2 0 |a výnosy 
610 2 0 |a obdobie účtovné 
610 2 0 |a dane z príjmov 
610 2 0 |a postupy účtovné 
100 1 |a Vanková, Lucia